000 00730nam a2200217Ia 4500
003 GCL
008 140319s9999 xx 000 0 ara d
040 _aGCL /
_cGCL
082 0 4 _a251.1
_bج م
100 1 _aشعبان محمد اسماعيل
245 1 0 _aمعراج المنهاج : شرح منهاج الوصول الى علم الاصول للقاضى البيضاوى المتوفى سنة 685 هـ /
_cشعبان محمد اسماعيل
300 _aمتعدد
490 _a
650 0 4 _aالاجتهاد
650 0 4 _aالقياس
650 0 4 _aالاجتماع
650 0 4 _aالفقه الاسلامى، اصول
650 0 4 _aالمحكوم عليه
650 0 4 _aالمحكوم فيه
942 _2ddc
_cBK
999 _c44446
_d44446